000 00304nam a22001337a 4500
008 170508b xxu||||| |||| 00| 0 eng d
020 _a9780688062699
041 _aeng
080 _a347
100 _a15
101 _aSHJ
245 _aCIVIL RIGHTS: RHETORIC OR REALITY?
_cSOWELL, TH
942 _2udc
_cBK
999 _c12893
_d12893